Jak se "váží" ceny.

Rozhovor s riaditeľom odboru štatistiky obchodu a cien Českého štatistického úradu. Spôsoby merania cenového vývoja a používané metódy výpočtu indexov spotrebiteľských cien a životných nákladov. Získavanie údajov o cenách od podnikateľov. Dlhodobé formy spolupráce so slovenskými partnermi. Záujem o...

ver descrição completa

Na minha lista:
Detalhes bibliográficos
Autor principal: Kudlák, K.
Outros Autores: Hejkal, J.
Formato: Capítulo de Livro
Idioma:tcheco
Assuntos:
Tags: Adicionar Tag
Sem tags, seja o primeiro a adicionar uma tag!

MARC

LEADER 00000naa a2200000 4500
001 r012183
005 20220826094648.7
041 0 |a cze 
044 |a CZ 
245 1 0 |a Jak se "váží" ceny.  |c K. Kudlák, J. Hejkal 
520 |a Rozhovor s riaditeľom odboru štatistiky obchodu a cien Českého štatistického úradu. Spôsoby merania cenového vývoja a používané metódy výpočtu indexov spotrebiteľských cien a životných nákladov. Získavanie údajov o cenách od podnikateľov. Dlhodobé formy spolupráce so slovenskými partnermi. Záujem o výsledky cenovej štatistiky. 
610 2 0 |a ceny 
610 2 0 |a štatistika cenová 
610 2 0 |a štatistika 
610 2 0 |a indexy cenové 
610 2 0 |a náklady životné 
610 2 0 |a kôš spotrebný 
610 2 0 |a metódy štatistické 
610 2 0 |a Čechy 
100 1 |a Kudlák, K. 
700 1 |a Hejkal, J.